Úvaha k článku "Právne úvahy nad uplatňovaním § 250b ods. 2 Občianskeho súdneho poriadku"

Bibliographic Details
Main Author: Šúrek, Slavomír (Author)
Format: Article
Language:Slovak
PhysicalDescription:Lit. 6 zázn. v češ.
Subjects:

MARC

LEADER 00000nab a2200000 a 4500
001 vtls000561687
003 SK-MaSNL
005 20260309145348.0
008 250425c1995 xo 0 slo
015 |a SNBRB19rr/mm-uuuuu 
035 |a CL0561825 
035 |a urn:nbn:sk:snk-abegy 
035 |a (urnnbn)urn:nbn:sk:snk:ar-003e73 
035 |a (uuid)a07283b4-56a2-45b5-9f65-4de7e6c62e58 
040 |a SNKBUCL  |b slo  |c SNKBUCL  |e AACR2 
041 0 |a slo 
044 |a xo  |c SK 
080 |a 347.91/95  |2 1981 
100 1 |a Šúrek, Slavomír  |4 aut  |9 500802 
245 1 0 |a Úvaha k článku "Právne úvahy nad uplatňovaním § 250b ods. 2 Občianskeho súdneho poriadku"  |c Slavomír Šúrek 
300 |b Lit. 6 zázn. v češ. 
650 0 7 |a Občiansky súdny poriadok  |2 snkbucl  |9 398286 
655 7 |a články z novín a časopisov  |2 snkbucl  |9 267496 
773 0 |t Justičná revue  |g Roč. 47, č. 3-4 (1995), s. 50-52 
850 |a Slovenská národná knižnica 
852 |a Slovenská národná knižnica 
954 |a odborná, vedecká literatúra pôvodná (slovenská)  |2 lita 
958 |a article27 
958 |a OND 
958 |a RK 
958 |a EUIPO 
992 |a RBX 
999 |c 3365663  |d 3367593